| 000 | 00792nam a22002297a 4500 | ||
|---|---|---|---|
| 005 | 20250603151618.0 | ||
| 010 | _aENG-145128 | ||
| 020 |
_a9788196866310 _c400.00 |
||
| 035 | _aEN-128660 | ||
| 037 | _bDBAD | ||
| 082 |
_a363.7 _21 |
||
| 100 |
_aGayathri, P. _981596 |
||
| 245 |
_aCatalogue of Soil and Land Capability Management/ _cP. Gayathri...[et.al] |
||
| 250 | _a1 | ||
| 260 |
_aTamil Nadu _bShanlax Publications _c2023 |
||
| 270 |
_aShanlax Publications 61,66 T.P.K.Main Road Vasantha Nager Madurai _bTamil Nadu _mpublisher@shanlaxpublications.com _e625003 |
||
| 300 |
_a218p. _c25cm(pb) |
||
| 700 |
_aVigneshwaran, R. _eAuthor _981579 |
||
| 700 |
_aR. Ajaykumar _eAuthor _981580 |
||
| 700 |
_aS.R. Shri Rangasami _eAuthor _981581 |
||
| 942 |
_2ddc _cEN _h3363.7 _mGAY |
||
| 999 |
_c211533 _d211533 |
||